Adivina la ciudad - Estadísticas

Estadísticas generales
  • Esta prueba ha sido intentada 141 veces
  • La puntuación promedio es 5 de 14
Estadísticas de respuestas
Pista Ciudad % Correcto
La ciudad eterna. Roma
64%
Donde nació Shakira. Barranquilla
63%
La más poblada de las capitales de Sudáfrica. Ciudad del Cabo
57%
La más poblada de Norteamérica. Ciudad de México
55%
Capital más cercana a otra capital. Kinsasa / Brazzaville
40%
La más poblada con un parque Disney. Tokio
40%
Capital más septentrional del mundo. Reikiavik
35%
Donde se construyó el Titanic. Belfast
31%
La más poblada del mundo que comience con F. Filadelfia
27%
Ciudad que se toma en el área metropolitana de Washington D.C. Baltimore
19%
La más poblada del mundo que comienza con K. Karachi
18%
Donde fue abierto el primer Legoland. Billund
9%
La más poblada que comienza con I. Ibadán
4%
Ciudad "Este es el lugar". Salt Lake City
3%
No se encontraron pruebas coincidentes
Distribución de puntuación
Porcentaje de gente con cada puntuación
Porcentaje por número respondido
Historial de tus puntuaciones
No has intentado esta prueba.